Segmentácia dopytu v spoločnom stravovaní

Dopyt v spoločnom stravovaní charakterizovaný tromi segmentmi. Segment klientely podnikov spoločného stravovania - individuálni klienti. Segment klientely podnikov spoločného stravovania - skupiny. Segment klientely podnikov spoločného stravovania - rodiny.

Enregistré dans:
Détails bibliographiques
Auteur principal: Staňo, Roman
Format: Chapitre de livre
Langue:slovaque
Sujets:
Tags: Ajouter un tag
Pas de tags, Soyez le premier à ajouter un tag!

MARC

LEADER 00000naa a2200000 4500
001 0145650
005 20240502072627.8
041 0 |a slo 
044 |a SK 
245 1 0 |a Segmentácia dopytu v spoločnom stravovaní  |c Roman Staňo 
520 |a Dopyt v spoločnom stravovaní charakterizovaný tromi segmentmi. Segment klientely podnikov spoločného stravovania - individuálni klienti. Segment klientely podnikov spoločného stravovania - skupiny. Segment klientely podnikov spoločného stravovania - rodiny. 
610 2 0 |a stravovanie spoločné 
610 2 0 |a reštaurácie 
610 2 0 |a ruch cestovný 
610 2 0 |a rodina 
610 2 0 |a klienti 
610 2 0 |a skupiny pracovné 
610 2 0 |a skupiny cieľové 
610 2 0 |a ponuka 
610 2 0 |a dopyt 
100 1 |a Staňo, Roman